| 000 | 00572nam a2200205 a 4500 | ||
|---|---|---|---|
| 005 | 20220622063433.0 | ||
| 008 | 041014s2002 mx r 000 0 spa d | ||
| 020 | _a9686005730 | ||
| 035 | _aUPN01000135698 | ||
| 049 | _aCG | ||
| 050 | 4 |
_aPQ7797 S2.14 _bS6.2a |
|
| 100 | 1 |
_aSábato, Ernesto, _d1911-2011 _928029 |
|
| 245 | 1 | 0 |
_aSobre héroes y tumbas / _cErnesto Sábato. |
| 260 |
_aMéxico : _bPlaneta, _c2002. |
||
| 300 | _a552 p. | ||
| 440 | 0 | _aBiblioteca de bolsillo | |
| 650 | 4 |
_aLITERATURA ARGENTINA _95070 |
|
| 650 | 0 |
_aNovela argentina _95078 |
|
| 905 | _aLibro | ||
| 999 |
_c107849 _d107849 |
||